000 00552nam a2200181 a 4500
001 000040533
005 20201002034209.0
008 130830s2012 sp 001 0 spa d
020 _a9788498923667
040 _aDO-SdBNP
_bspa
_cBNPHU
100 1 _aGonzález Álvarez, Julio
_966837
245 1 0 _aBreve historia del cerebro /
_cJulio González Álvarez,.
260 _aBarcelona :
_bCrítica,
_c2012.
300 _a332 ;
_c24 cm.
500 _aIncluye índice
500 _aIncluye notas al pie de las páginas
504 _aBibliografía : p. 306-314
999 _c40023
_d40023